000 01382cam a22003857a 4500
003 CHAP
005 20220329142437.0
008 010216d2000 mx a r 00110 spa d
010 _a83542
011 _a84514
020 _a970900011X
035 _a95035
040 _cCHAP
082 0 4 _a598.2
_bC4
100 0 0 _aCeballos, Gerardo
_ecoord.
_920745
245 1 4 _aLas aves de México en peligro de extinción
_c/coord. por Gerardo Ceballos y Laura Márquez Valderamar
260 _aMéxico, D. F. :
_bUniversidad Nacional Autónoma de México. Instituto de Geografía,
_c2000.
300 _a430 p. :
_bilus.
490 0 _aSección de obras de ciencia y tecnología
590 _aBATCH-UPD
_b10
_c20130110
_lUCH01
_h0326
590 _aBATCH-UPD
_b10
_c20130110
_lUCH01
_h1555
590 _aBATCH-UPD
_b10
_c20130409
_lUCH01
_h2359
590 _aBATCH-UPD
_b10
_c20130410
_lUCH01
_h1510
590 _aBATCH-UPD
_b10
_c20130914
_lUCH01
_h0438
590 _aCONVERSION
_b10
_c20130109
_lUCH01
_h1346
650 1 4 _aAves
_xExtinción.
_98607
650 1 4 _aAves
_xMéxico.
_98617
650 1 4 _aVida silvestre
_xConservación.
_9119166
700 0 _aMárquez Valdelamar, Laura
_ecoord.
_976361
830 0 _aSección de obras de ciencia y tecnología
_9103501
901 _aBK
905 _aLilia Sánchez G.
942 _cLIBRO
949 _a598.2 C4
_bBC
_cC
_d33724000814489
_eC
_h99746
_i95035
_sex
999 _c83542
_d83542